Statistics for Pixar Movies Have Feelings

Click here to take the quiz!

General Stats

  • This quiz has been taken 59 times
    (51 since last reset)
  • The average score is 10 of 11

Answer Stats

Hint Answer % Correct
What if toys had feelings?Toy Story
100%
What if monster had feelings?Monsters Inc.
100%
What if fish had feelings?Finding Nemo
100%
What if cars had feelings?Cars
100%
What if superheroes had feelings?The Incredibles
94%
What if rats had feelings?Ratatouille
92%
What if feelings had feelings?Inside Out
92%
What if bugs had feelings?A Bugs' Life
90%
What if robots had feelings?WALL-E
90%
What if Scotland had feelings?Brave
80%
What if dogs had feelings?Up
72%

Score Distribution

Percentile by Number Answered

Percent of People with Each Score

Your Score History

You have not taken this quiz since the last reset